00496nam a2200193 a 4500001001300000003000900013005001700022008004100039020001000080082001500090100001600105245002500121260004900146300000900195500003500204505001000239650003700249700001600286nice12345678IN_TiNIC20260116012816.0050524s1982 dela grp 000 0 eng  ac10000a261.2bCYR aCyriac, M V aMeeting of Religions aDelhibLindian Publishers Distributorsc1982 a214p aincludes index and biblioraphy2 aIndex aChristianity and Other Religions1 aCyriac, M V